|
|
|
|
| LEADER |
00673nab a2200193 i 4500 |
| 001 |
publ31407 |
| 005 |
20250217155719.0 |
| 008 |
250217s1999 hu o 000 hun d |
| 022 |
|
|
|a 1419-7111
|
| 024 |
7 |
|
|a 2347843
|2 mtmt
|
| 040 |
|
|
|a SZTE Publicatio Repozitórium
|b hun
|
| 041 |
|
|
|a hun
|
| 100 |
1 |
|
|a Ábrahám György
|
| 245 |
1 |
0 |
|a EUCLID (EURODIAB Controlled Trial of Lisinopril in Insulin Dependent Diabetes)
|h [elektronikus dokumentum] /
|c Ábrahám György
|
| 260 |
|
|
|c 1999
|
| 300 |
|
|
|a 23-28
|
| 490 |
0 |
|
|a TÉNYEKEN ALAPULÓ ORVOSLÁS - TAO
|v 1 No. 2
|
| 650 |
|
4 |
|a Klinikai orvostan
|
| 856 |
4 |
0 |
|u http://publicatio.bibl.u-szeged.hu/31407/1/aok_klny_308_99.pdf
|z Dokumentum-elérés
|